Ashapuri : (Record no. 101164)

MARC details
000 -LEADER
fixed length control field 00619nam a22001937a 4500
005 - DATE AND TIME OF LATEST TRANSACTION
control field 20160708115535.0
010 ## - LCCN (DPL NO)
LC control number ENG-115378
020 ## - INTERNATIONAL STANDARD BOOK NUMBER
International Standard Book Number 9789380574578
Terms of availability 3750.00
035 ## - SYSTEM CONTROL NUMBER
System control number EN-98910
037 ## - SOURCE OF ACQUISITION
Source of stock number/acquisition DBAD/PUB
082 ## - DEWEY DECIMAL CLASSIFICATION NUMBER
Classification number 726.14095405
100 ## - MAIN ENTRY--PERSONAL NAME
Personal name Shah,Ashok
245 ## - TITLE STATEMENT
Title Ashapuri :
Remainder of title the cradle of paramara & pratibha art : temple unveiled /
Statement of responsibility, etc by Ashok Shah
260 ## - PUBLICATION, DISTRIBUTION, ETC. (IMPRINT)
Place of publication, distribution, etc Delhi
Name of publisher, distributor, etc Bookwell
Date of publication, distribution, etc 2014
270 ## - ADDRESS
Address 3/79,Nirankari Colony
City Delhi
Postal code 110009
300 ## - PHYSICAL DESCRIPTION
Extent 240p. :
Other physical details ill.
Dimensions 24cm(Hb)
500 ## - GENERAL NOTE
General note Includes glossary and bibliographical references
942 ## - ADDED ENTRY ELEMENTS (KOHA)
Source of classification or shelving scheme Dewey Decimal Classification
Item type English Books
Classification part 726.14095405
Call number suffix SHA
Holdings
Withdrawn status Lost status Not for loan Collection code Home library Current library Date acquired Source of acquisition Cost, normal purchase price Full call number Barcode Copy number Cost, replacement price Koha item type
    Not For Loan Non-fiction D.B.Act.Division Bawana 06/07/2016 DBAD/PUB 3750.00 726.14095405 SHA EN-98910 1 3750.00 English Books

© Delhi Public Library
Hit Counter
free hit counter